FAO danida training course on forest seed collection and handling (Registro nro. 314)

Detalles MARC
000 -CABECERA
Campo de control 00599nam a2200205 a 4500
005 - FECHA Y HORA DE LA ULTIMA TRANSACCION
Campo de control 20151123093722.0
008 - ELEMENTOS DE LONGITUD FIJA—INFORMACION GENERAL
Campo de control 140220b1975 lo ||||| |||| 00| 0 eng d
040 ## - FUENTE DE CATALOGACIÓN
Agencia catalogadora original CO-BoIAVH
Agencia transcriptora CO-BoIAVH
041 ## - IDIOMA
Código de idioma para texto/pista de sonido o título separado Inglés
044 ## - PAÍS DE PUBLICACIÓN
País de publicación Italia
090 ## - CLASIFICACIÓN LOCAL
Colección LB
Consecutivo 00294
110 ## - ASIENTO PRINCIPAL--NOMBRE CORPORATIVO
Unidad subordinad Food and Agriculture Organization of the United Nations
245 ## - MENCION DE TITULO
Título FAO danida training course on forest seed collection and handling
260 ## - PUBLICACION, DISTRIBUCION, ETC. (PIE DE IMPRENTA)
Lugar de publicación, distribución, etc. Roma
Nombre del editor, distribuidor, etc. FMAM
Fecha de publicación, distribución, etc. 1975
300 ## - DESCRIPCION FISICA
Extensión 2 vol.
650 ## - ASIENTO SECUNDARIO DE MATERIA - TERMINO TEMATICO
Término temático o nombre geográfico como elemento de entrada Manejo de semillas
650 ## - ASIENTO SECUNDARIO DE MATERIA - TERMINO TEMATICO
Término temático o nombre geográfico como elemento de entrada Recolección
650 ## - ASIENTO SECUNDARIO DE MATERIA - TERMINO TEMATICO
Término temático o nombre geográfico como elemento de entrada Semillas Forestales
942 ## - ELEMENTOS ADICIONALES (KOHA)
Tipo de ítem Informe Técnico
Sistema de clasificación Local
Existencias
Withdrawn status Lost status Sistema de Clasificación Damaged status No para préstamo Colección Inventariado Ubicación Permanente Ubicación actual Fecha de adquisición Fuente de Valor Total Checkouts Número topográfico Inventario / Código de Barras Date last seen Ejemplar Price effective from Forma de adquisición Tipo de material
    Local     General Inventariado 2017 Bogotá Bogotá 29/12/1997 Baptiste, Luis Guillermo   LB-00294 000441 04/12/2012 V. 1 Ej. 1 04/12/2012   Informe Técnico
    Local     General Inventariado 2017 Bogotá Bogotá 29/12/1997 Baptiste, Luis Guillermo   LB-00294 000442 04/12/2012 V. 2 Ej. 1 04/12/2012   Informe Técnico